[Event "GER-chT U12"]
[Site "Seifhennersdorf"]
[Date "2001.12.29"]
[Round "6.4"]
[White "Klaus, Igor"]
[Black "Kunze, Christopher"]
[Result "0-1"]
[WhiteElo "1079"]
[BlackElo "1215"]
[PlyCount "90"]
[EventDate "2001.12.27"]
[EventType "team"]
[EventRounds "7"]
[EventCountry "GER"]
[SourceTitle "EXT 2003"]
[Source "ChessBase"]
[SourceDate "2002.11.25"]
[SourceVersion "1"]
[SourceVersionDate "2002.11.25"]
[SourceQuality "1"]

1. e4 c5 2. Nc3 e6 3. g3 Nc6 4. Bg2 g6 5. d3 Bg7 6. Be3 d6 7. Qd2 Nge7 8. Nge2 Nd4 9. Nd1 Rb8 10. c3 Nxe2 11. Qxe2 b5 12. b4 cxb4 13. Rc1 bxc3 14. Nxc3 Qd7 15. a3 0-0 16. Na2 a5 17. Qd2 Nc6 18. Rb1 Ba6 19. d4 d5 20. e5 Qe7 21. Qc3 Rfc8 22. Qd3 Rb6 23. Bc1 b4 24. Qe3 Rcb8 25. Bf1 Bxf1 26. Kxf1 b3 27. Nc3 b2 28. Bd2 Qxa3 29. Kg2 Rb3 30. Rhd1 Na7 31. Qe1 Rc8 32. Ne2 a4 33. h4 Rd3 34. Nf4 Rxd4 35. Be3 Rxd1 36. Qxd1 Nb5 37. Bd2 Nc3 38. Bxc3 Rxc3 39. Ne2 Rd3 40. Qc2 Bxe5 41. f4 Bf6 42. g4 Qb3 43. Qxb3 Rxb3 44. g5 Bg7 45. Kf1 a3 0-1

[Event "GER-chT U12"]
[Site "Seifhennersdorf"]
[Date "2001.12.29"]
[Round "5.4"]
[White "Strathoff, Jens"]
[Black "Klaus, Igor"]
[Result "1/2-1/2"]
[WhiteElo "1198"]
[BlackElo "1079"]
[PlyCount "77"]
[EventDate "2001.12.27"]
[EventType "team"]
[EventRounds "7"]
[EventCountry "GER"]
[SourceTitle "EXT 2003"]
[Source "ChessBase"]
[SourceDate "2002.11.25"]
[SourceVersion "1"]
[SourceVersionDate "2002.11.25"]
[SourceQuality "1"]

1. e4 d6 2. d4 Nf6 3. Nc3 c6 4. Be3 Nbd7 5. Nf3 e5 6. dxe5 dxe5 7. Bd3 Be7 8. 0-0 h6 9. h3 0-0 10. Qd2 Nh7 11. Rad1 Re8 12. a3 Bg5 13. Bxg5 Nxg5 14. Nxg5 Qxg5 15. Qxg5 hxg5 16. b4 b5 17. Rd2 Nb6 18. Rfd1 Be6 19. f3 Bc4 20. Kf2 Red8 21. Ke1 Kf8 22. Bxc4 Rxd2 23. Rxd2 Nxc4 24. Rd7 Nxa3 25. Kd2 Nc4+ 26. Ke2 a5 27. bxa5 Nxa5 28. Na2 Ke8 29. Rc7 Rd8 30. Nb4 Rd6 31. Ra7 Nc4 32. Ra6 c5 33. Rxd6 Nxd6 34. Nd3 Nb7 35. Nxe5 Ke7 36. c3 f6 37. Nd3 Kd6 38. g3 c4 39. Nb4 1/2-1/2

[Event "GER-chT U12"]
[Site "Seifhennersdorf"]
[Date "2001.12.28"]
[Round "3.4"]
[White "Braunstein, Fabian"]
[Black "Klaus, Igor"]
[Result "1/2-1/2"]
[WhiteElo "1404"]
[BlackElo "1079"]
[PlyCount "84"]
[EventDate "2001.12.27"]
[EventType "team"]
[EventRounds "7"]
[EventCountry "GER"]
[SourceTitle "EXT 2003"]
[Source "ChessBase"]
[SourceDate "2002.11.25"]
[SourceVersion "1"]
[SourceVersionDate "2002.11.25"]
[SourceQuality "1"]

1. e4 c6 2. d4 d6 3. c4 Nf6 4. Nc3 Nbd7 5. Nf3 e5 6. d5 Nc5 7. Qc2 Be7 8. Be2 0-0 9. 0-0 Nh5 10. Nxe5 dxe5 11. Bxh5 Bg5 12. Rd1 Qf6 13. b4 Nd7 14. b5 c5 15. a4 b6 16. Rd3 Qh6 17. Be2 Nf6 18. Rg3 Bf4 19. Bxf4 Qxf4 20. Qc1 Qh4 21. Qg5 Qxg5 22. Rxg5 Re8 23. Rd1 h6 24. Rg3 Bb7 25. Rgd3 Rad8 26. f3 g5 27. R1d2 a6 28. Nd1 a5 29. Ne3 Kg7 30. Nf5+ Kg6 31. g4 h5 32. h3 h4 33. Kf2 Rd7 34. d6 Ng8 35. Ke1 f6 36. Kd1 Ba8 37. Kc2 Bb7 38. Kb2 Ba8 39. Kc3 Bb7 40. Ne3 Ba8 41. Nd5 Bxd5 42. Rxd5 Red8 1/2-1/2